| 000 | 01158nam a2200289Ia 4500 | ||
|---|---|---|---|
| 003 | OSt | ||
| 005 | 20221005111940.0 | ||
| 006 | a|||||r|||| 00| 0 | ||
| 007 | ta | ||
| 008 | 221004b |||||||| |||| 00| 0 san d | ||
| 020 | _c75 | ||
| 024 | _a14764 | ||
| 037 |
_b331, 08/02/2014, Eastern Book Linkers _cTextual |
||
| 040 |
_aCRL _cCRL _bsan |
||
| 041 |
_2san _asan |
||
| 082 | _aO15:gxH10,2, Q3 | ||
| 100 | _aद्विवेदी, विद्याभूड्ढण | ||
| 245 | 0 | _aरतिम×जरी एवं रतिकलाविमर्श | |
| 246 | _aRatima×jarī evan ratikalāvimarsha | ||
| 260 |
_aवाराणसी _bचौखम्बा सुरभारती भारत _c2013 |
||
| 300 |
_a52पृ0 _ccm. |
||
| 490 | _aचौचाम्ब सुरभारती ग्रन्थमाला; 532 | ||
| 650 | _aसंस्कृत साहित्य | ||
| 700 | _a जयदेव | ||
| 942 |
_hO15:gxH10,2, Q3 _cTEXL _2cc |
||
| 999 |
_c1023385 _d1023385 |
||